书目信息 |
| 题名: |
公民生活知识与技能
|
|
| 作者: | 蔡国英 主编 | |
| 分册: | ||
| 出版信息: | 银川 宁夏人民出版社 2009.05 |
|
| 页数: | 85页 | |
| 开本: | 21cm | |
| 丛书名: | 走进小康丛书 | |
| 单 册: | ||
| 中图分类: | D648.3 | |
| 科图分类: | ||
| 主题词: | 公民教育--gong min jiao yu--基本知识--中国 | |
| 电子资源: | ||
| ISBN: | 978-7-227-04066-8 | |
| 000 | 00892nam 2200277 450 | |
| 001 | 012010773765 | |
| 005 | 20100411194747.14 | |
| 010 | @a978-7-227-04066-8@dCNY7.20 | |
| 100 | @a20100318d2009 em y0chiy0120 ea | |
| 101 | 0 | @achi |
| 102 | @aCN@b630000 | |
| 105 | @ay z 000yy | |
| 106 | @ar | |
| 200 | 1 | @a公民生活知识与技能@Agong min sheng huo zhi shi yu ji neng |
| 210 | @a银川@c宁夏人民出版社@d2009.05 | |
| 215 | @a85页@d21cm | |
| 225 | 2 | @a走进小康丛书@Azou jin xiao kang cong shu |
| 314 | @a书中责任者: 蔡国英主编 | |
| 330 | @a本书分公民道德、法律常识、环境保护三部分内容,主要讲述了公民生活的知识与技能。 | |
| 333 | @a本书适用于广大农民读者。 | |
| 410 | 0 | @12001 @a走进小康丛书 |
| 606 | 0 | @a公民教育@Agong min jiao yu@x基本知识@y中国 |
| 690 | @aD648.3@v4 | |
| 701 | 0 | @a蔡国英@Acai guo ying@4主编 |
| 801 | 0 | @aCN@bQSSK@c20100411 |
| 905 | @b776915-17@dD648.3@eC038@f3 | |
| 公民生活知识与技能.-银川:宁夏人民出版社,2009.05 |
| 85页;21cm.-(走进小康丛书) |
| 使用对象:本书适用于广大农民读者。 |
| ISBN 978-7-227-04066-8:CNY7.20 |
| 本书分公民道德、法律常识、环境保护三部分内容,主要讲述了公民生活的知识与技能。 |
| ● |
| 相关链接 |
|
|
|
正题名:公民生活知识与技能
索取号:D648.3/C038
 
预约/预借
| 序号 | 登录号 | 条形码 | 馆藏地/架位号 | 状态 | 备注 |
| 1 | 776915 | 207769155 | 社科库509/509社科库 75排3列4层/ [索取号:D648.3/C038] | 在馆 | |
| 2 | 776916 | 207769164 | 社科库509/509社科库 75排3列4层/ [索取号:D648.3/C038] | 在馆 | |
| 3 | 776917 | 207769173 | 社科库509/509社科库 75排3列4层/ [索取号:D648.3/C038] | 在馆 |